| 000 | 00974nas a2200277 4500 | ||
|---|---|---|---|
| 001 | BR2011006766 | ||
| 003 | BR-BrBNA | ||
| 005 | 20231205120009.0 | ||
| 007 | ta | ||
| 008 | 230509b bl.|||p| |||| 00| 00por d | ||
| 040 |
_aBR-BrBNA _bpor _cBiblioteca Nacional de Agricultura |
||
| 041 | _a(Pt) | ||
| 072 | _aN20; F06; U10 | ||
| 100 | 1 | _aOliveira, H.F.E. de | |
| 100 | 1 | _aColombo, A. | |
| 100 | 1 | _aFaria, L.C. | |
| 245 | 1 | _aModelagem dos efeitos do vento sobre as dimensões do alcance do jato de um canhão hidráulico | |
| 650 | _aIRRIGAÇÃO | ||
| 650 | _aÁGUA | ||
| 650 | _aVELOCIDADE | ||
| 650 | _aMODELO DE SIMULAÇÃO | ||
| 773 | 0 |
_tRevista Brasileira de Engenharia Agrícola e Ambiental (Brazil) _xISSN 1807-1929 _g(2009), v.13(Suplemento) p. 818-824 _wBR2011006766 |
|
| 856 | 4 | 0 | _uhttp://www.scielo.br/scielo.php?script=sci_arttext pid=S1415-43662009000700002 lng=en nrm=iso tlng=pt |
| 909 |
_a202311 _bLúcia _c55 _dLúcia Elande |
||
| 942 |
_2AGRIS _n0 _cANA |
||
| 999 |
_c216621 _d216621 |
||